Estudios de derecho sucesorio

Zapisane w:
Opis bibliograficzny
1. autor: Vallet de Goytisolo, Juan (Autor)
Format: Książka
Język:hiszpański
Wydane: Madrid Montecorvo 1980
Hasła przedmiotowe:
Etykiety: Dodaj etykietę
Nie ma etykietki, Dołącz pierwszą etykiete!

MARC

LEADER 00000nam a2200000 a 4500
001 UCS1376
003 CL-VaPUC
008 970509e19800000SP |||||||||||||||||spa|d
082 0 4 |a 346.052  |b VAL  |2 21 
100 0 |a Vallet de Goytisolo, Juan  |e author  |9 385773 
245 1 0 |a Estudios de derecho sucesorio 
300 |a 6 v 
942 |c BK 
945 |d 19970509 00:00:00  |a paguirre 
260 |a Madrid  |b Montecorvo  |c 1980 
500 |a v.1: El fenómeno sucesorio. Principios. Instituciones controvertidas 
500 |a v.2: Interpretación de testamentos. Lo literal, lo tácito y lo conjetural, en mejoras y fideicomisos. Cláusulas cautelares expresas y tácitas 
500 |a v.3: Estudios dispersos sobre las legítimas 
500 |a v.4: Computación. Imputación. Colación 
500 |a v.5: La reserva clásica 
500 |a v.6: La reserva lineal 
650 0 |a Derecho civil  |9 255013 
650 0 |a Derecho sucesorio  |9 255015 
650 0 |a Herencia  |9 256325 
650 0 |a Testamento  |9 258220 
650 0 |a Herederos  |9 357054 
650 0 |a Voluntad testamentaria  |9 385717 
650 7 |a DERECHO HEREDITARIO  |2 CL-VaPUC  |9 385774 
650 0 |a Fideicomiso   |9 258680 
583 |a last modification  |c 19970509 00:00:00  |k Rodrigo Vera 
999 |c 259471  |d 259469 
952 |0 0  |1 0  |4 0  |6 346_052000000000000_VAL_1980  |7 0  |8 A  |9 284213  |a BIBDER  |b BIBDER  |d 2019-11-19  |h v.1  |i 1845829  |o 346.052 VAL 1980  |p 1845829  |r 2023-01-25  |w 2019-11-19  |y BK  |k DER 
952 |0 0  |1 0  |4 0  |6 346_052000000000000_VAL_1980  |7 0  |8 A  |9 284214  |a BIBDER  |b BIBDER  |d 2019-11-19  |h v.2  |i 1845837  |o 346.052 VAL 1980  |p 1845837  |r 2023-01-25  |w 2019-11-19  |y BK  |k DER 
952 |0 0  |1 0  |4 0  |6 346_052000000000000_VAL_1980  |7 0  |8 A  |9 284216  |a BIBDER  |b BIBDER  |d 2019-11-19  |h v.3  |i 1845853  |o 346.052 VAL 1980  |p 1845853  |r 2023-01-25  |w 2019-11-19  |y BK  |k DER 
952 |0 0  |1 0  |4 0  |6 346_052000000000000_VAL_1980  |7 0  |8 A  |9 284217  |a BIBDER  |b BIBDER  |d 2019-11-19  |h v.4  |i 1845861  |o 346.052 VAL 1980  |p 1845861  |r 2023-01-25  |w 2019-11-19  |y BK  |k DER 
952 |0 0  |1 0  |4 0  |6 346_052000000000000_VAL_1980  |7 0  |8 A  |9 284219  |a BIBDER  |b BIBDER  |d 2019-11-19  |h v.5  |i 1845888  |o 346.052 VAL 1980  |p 1845888  |r 2023-01-25  |w 2019-11-19  |y BK  |k DER 
952 |0 0  |1 0  |4 0  |6 346_052000000000000_VAL_1980  |7 0  |8 A  |9 284220  |a BIBDER  |b BIBDER  |d 2019-11-19  |h v.6  |i 1845896  |o 346.052 VAL 1980  |p 1845896  |r 2023-01-25  |w 2019-11-19  |y BK  |k DER